LEADER 01255nam 2200397 450 001 000002061 005 20070503173200.0 100 $a--------d1965----km-y0itay0103----ba 101 0 $aita 102 $aIT 200 1 $a<>valore della musica$fMarino Gentile 200 1 $a1 $n0003054 210 $aFirenze$cSansoni$dc1965 215 $a132 p.$d24 cm. 225 1 $aQuaderni di San Giorgio$v21 606 $aMusica$xSaggi 676 $a780.01 700 1$aGentile,$bMarino$0159558 801 0$aIT$bUniversitą della Basilicata - B.I.A.$gRICA$2unimarc 912 $a000002061 996 $aValore della musica$971737 997 $aUNIBAS BAS $aMONLET BAS $aMONOGR BAS $aLETTERE CAT $aLAURINO$b01$c19990812$lBAS01$h1021 CAT $c20000920$lBAS01$h1829 CAT $c20001010$lBAS01$h1632 CAT $c20050601$lBAS01$h1752 CAT $abatch$b01$c20050718$lBAS01$h1047 CAT $c20050718$lBAS01$h1106 CAT $c20050718$lBAS01$h1136 CAT $c20050718$lBAS01$h1150 CAT $aBATCH$b00$c20070503$lBAS01$h1732 FMT Z30 -1$lBAS01$LBAS01$mBOOK$1BASA1$APolo Storico-Umanistico$2GEN$BCollezione generale$3FM/87601$9FM/87601$687601$5L87601$819990830$f02$FPrestabile Generale LEADER 01019nam0-2200325 --450 001 9910839594803321 005 20240402142311.0 010 $a978-88-313-4774-7 100 $a20240402d2023----kmuy0itay5050 ba 101 0 $aita 102 $aIT 105 $aa ca 001yy 200 1 $a<>Farnese e l'architettura$ecorte, cittą e territorio da Paolo 3. a Elisabetta regina di Spagna$fa cura di Bruno Adorni e Carlo Mambriani 210 $aRoma$cGBE Ginevra Bentivoglio EditoriA$d2023 215 $a525 p.$cill.$d25 cm 225 1 $aArti 610 0 $aArchitettura$aI Farnese [come] committenti 676 $a720.9456251$v23$zita 676 $a720.94563$v23$zita 676 $a720.945411$v23$zita 676 $a720.945441$v23$zita 702 1$aAdorni,$bBruno 702 1$aMambriani,$bCarlo 801 0$aIT$bUNINA$gREICAT$2UNIMARC 901 $aBK 912 $a9910839594803321 952 $aARCH B 4341$b206/2024$fFARBC 959 $aFARBC 996 $aFarnese e l'architettura$94148155 997 $aUNINA